000 01163cam a2200253 4500
001 ABS64274
008 010725n2001 000 0 eng u
035 _a(Sirsi) u113760
100 _aBarnes, R.
245 _aCorrupt practices
260 _c2001
490 _aBuilding
_v266(8192) 6 July 2001, 55(1)
520 _aDiscusses the issue of increasing electronic document storage and transfer in the construction industry. Outlines some of the concerns which need to be considered such as data corruption during storage or transmission and intellectual property rights of the documents. Emphasises the importance of an effective storage policy for documents held electronically. If litigation occurs the authenticity of a document may be raised and the accuracy of the document will have to be proved.
590 _aABS
650 _aCONSTRUCTION INDUSTRY
650 _aELECTRONIC DOCUMENT TRANSFER
650 _aELECTRONIC DOCUMENT MANAGEMENT SYSTEMS
650 _aDOCUMENT STORAGE
650 _aELECTRONIC DOCUMENTS
650 _aLITIGATION
650 _aBSI
690 _aMANAGEMENT-BUSINESS MANAGEMENT-INFORMATION MANAGEMENT
942 _n0
999 _c67781
_d67781